[Event "Bogota McGregor op 1st"]
[Site "Bogota"]
[Date "2010.12.04"]
[Round "4"]
[White "Hernandez, Gustavo"]
[Black "Kovalyov, Anton"]
[Result "0-1"]
[WhiteElo "2377"]
[BlackElo "2623"]
[PlyCount "122"]
[EventDate "2010.12.03"]
[EventType "swiss"]
[EventRounds "10"]
[EventCountry "COL"]
[SourceTitle "CBM 139 Extra"]
[Source "ChessBase"]
[SourceDate "2011.01.05"]
[SourceVersion "1"]
[SourceVersionDate "2011.01.05"]
[SourceQuality "1"]

1. Nf3 e6 2. c4 b6 3. g3 Nf6 4. Bg2 c6 5. 0-0 d5 6. d4 Be7 7. Nc3 Nbd7 8. cxd5 cxd5 9. Bf4 Nh5 10. Bd2 Nhf6 11. Bf4 a6 12. Rc1 Bb7 13. Qb3 Rc8 14. Rc2 Rc4 15. Nb1 Rxc2 16. Qxc2 0-0 17. Rc1 Qa8 18. Ne5 Nxe5 19. Bxe5 Rc8 20. Qd1 Bc6 21. Bxf6 Bxf6 22. e3 Be7 23. Nc3 Qb7 24. Ne2 g6 25. Bf1 Bd6 26. Qd2 Re8 27. Qc2 Bd7 28. Nf4 Kg7 29. Qe2 Ra8 30. Qd1 Qb8 31. Bh3 Qd8 32. Bg2 Ra7 33. Rc3 Bb4 34. Rc1 Bd6 35. Bf1 a5 36. Be2 Qe8 37. Nd3 Qb8 38. Kg2 Be8 39. Qc2 Rc7 40. Qd1 Re7 41. Qc2 Bd7 42. Qb3 Be8 43. Nf4 a4 44. Qd1 a3 45. bxa3 Ra7 46. Rb1 Rxa3 47. Rb2 Qc7 48. Nd3 Rc3 49. Ne1 Rc1 50. Qd2 Ba4 51. Nd3 Ra1 52. Nb4 Bxb4 53. Rxb4 b5 54. Rb2 Rc1 55. h4 h5 56. Bf1 Rd1 57. Qb4 Qc1 58. Be2 Rg1+ 59. Kf3 Bc2 60. Bxb5 Be4+ 61. Kf4 Qc7+ 0-1

[Event "Dos Hermanas Internet qual-D 10th"]
[Site "ICC INT"]
[Date "2009.03.14"]
[Round "2"]
[White "Fernandes, Rogerio Paulo Mulle"]
[Black "Hernandez, Gustavo"]
[Result "0-1"]
[WhiteElo "2225"]
[BlackElo "2371"]
[PlyCount "74"]
[EventDate "2009.03.14"]
[EventType "swiss (blitz)"]
[EventRounds "12"]
[EventCountry "ESP"]
[SourceTitle "EXT 2010"]
[Source "ChessBase"]
[SourceDate "2010.11.25"]
[SourceVersion "1"]
[SourceVersionDate "2010.11.25"]
[SourceQuality "1"]

1. c4 Nf6 2. g3 e6 3. Bg2 c5 4. Nf3 Nc6 5. 0-0 d5 6. cxd5 Nxd5 7. Nc3 Be7 8. d4 0-0 9. Nxd5 exd5 10. dxc5 Bxc5 11. Bg5 f6 12. Bf4 Bb6 13. h4 Bf5 14. Qd2 Qd7 15. Rad1 Rad8 16. a3 Rfe8 17. Rfe1 Be4 18. b4 a6 19. e3 Ne5 20. Bxe5 fxe5 21. Kh2 Rf8 22. Bh3 Qe7 23. Ng5 Bf5 24. Bxf5 Rxf5 25. Qa2 e4 26. Nh3 Bc7 27. Rd2 h6 28. Red1 Qf7 29. Kg2 Kh7 30. Rd4 Qh5 31. Ng1 Rdf8 32. Rf1 Qg4 33. Qe2 Rf3 34. Kh2 Rxg3 35. fxg3 Qxg3+ 36. Kh1 Qxh4+ 37. Kg2 Qh2# 0-1

[Event "Dos Hermanas Internet qual-D 10th"]
[Site "ICC INT"]
[Date "2009.03.14"]
[Round "5"]
[White "Hernandez, Gustavo"]
[Black "Ferretti, Folco"]
[Result "1-0"]
[WhiteElo "2371"]
[BlackElo "2315"]
[PlyCount "87"]
[EventDate "2009.03.14"]
[EventType "swiss (blitz)"]
[EventRounds "12"]
[EventCountry "ESP"]
[SourceTitle "EXT 2010"]
[Source "ChessBase"]
[SourceDate "2010.11.25"]
[SourceVersion "1"]
[SourceVersionDate "2010.11.25"]
[SourceQuality "1"]

1. Nf3 Nf6 2. d4 e6 3. c4 b6 4. a3 Bb7 5. Nc3 d5 6. cxd5 exd5 7. g3 Be7 8. Bf4 c6 9. Bh3 0-0 10. 0-0 Nbd7 11. Rc1 Re8 12. Qa4 Nf8 13. Rfd1 Ng6 14. Ne5 Nxf4 15. gxf4 Qd6 16. e3 a6 17. Qc2 Bf8 18. Kh1 Bc8 19. Bg2 Bg4 20. Rg1 Rac8 21. Qd3 b5 22. Na2 a5 23. Rc2 Qe6 24. Qd2 Bf5 25. Rcc1 Ne4 26. Qe1 Qh6 27. Nc3 b4 28. Nxe4 dxe4 29. a4 c5 30. dxc5 Bxc5 31. Qe2 Bd6 32. Rc4 Bxe5 33. fxe5 Qe6 34. Rxc8 Rxc8 35. Qb5 Re8 36. Qxa5 Qxe5 37. Qxe5 Rxe5 38. Ra1 Bc8 39. a5 Ba6 40. Bh3 Rc5 41. Ra4 Rc1+ 42. Kg2 Be2 43. Kg3 b3 44. Rb4 1-0

[Event "Olympiad-38"]
[Site "Dresden"]
[Date "2008.11.23"]
[Round "10"]
[White "Rama, Lorenc"]
[Black "Hernandez, Gustavo"]
[Result "1/2-1/2"]
[WhiteElo "2297"]
[BlackElo "2360"]
[PlyCount "61"]
[EventDate "2008.11.13"]
[EventType "team-swiss"]
[EventRounds "11"]
[EventCountry "GER"]
[SourceTitle "CBM 128"]
[Source "ChessBase"]
[SourceDate "2009.01.28"]
[SourceVersion "1"]
[SourceVersionDate "2009.01.28"]
[SourceQuality "1"]
[WhiteTeam "Albania"]
[BlackTeam "Dominican Rep"]
[WhiteTeamCountry "ALB"]
[BlackTeamCountry "DOM"]

1. c4 Nf6 2. Nf3 e6 3. g3 d5 4. d4 c5 5. Bg2 Nc6 6. 0-0 Be7 7. dxc5 Bxc5 8. a3 dxc4 9. Qa4 0-0 10. Qxc4 Bb6 11. Nc3 Qe7 12. Bg5 h6 13. Bh4 Qc5 14. Qxc5 Bxc5 15. Bxf6 gxf6 16. Rfd1 Rd8 17. Rxd8+ Nxd8 18. Rd1 Be7 19. Nd4 Kf8 20. Ndb5 a6 21. Nd6 Rb8 22. Na4 b5 23. Nc5 Bxd6 24. Rxd6 Ke7 25. Rd4 e5 26. Rh4 Ne6 27. Nd3 Nd4 28. Nb4 Kf8 29. Nc6 Nxc6 30. Bxc6 Kg7 31. Rb4 1/2-1/2

[Event "Olympiad-38"]
[Site "Dresden"]
[Date "2008.11.13"]
[Round "1"]
[White "Hernandez, Gustavo"]
[Black "Howell, Shamel"]
[Result "1-0"]
[WhiteElo "2360"]
[BlackElo "2006"]
[PlyCount "117"]
[EventDate "2008.11.13"]
[EventType "team-swiss"]
[EventRounds "11"]
[EventCountry "GER"]
[SourceTitle "CBM 128"]
[Source "ChessBase"]
[SourceDate "2009.01.28"]
[SourceVersion "1"]
[SourceVersionDate "2009.01.28"]
[SourceQuality "1"]
[WhiteTeam "Dominican Rep"]
[BlackTeam "Barbados"]
[WhiteTeamCountry "DOM"]
[BlackTeamCountry "BAR"]

1. Nf3 Nf6 2. c4 c6 3. d4 d5 4. Nc3 Nbd7 5. cxd5 cxd5 6. Bf4 e6 7. e3 Bb4 8. Bd3 0-0 9. 0-0 Qe7 10. Rc1 b6 11. a3 Bd6 12. Bxd6 Qxd6 13. Nb5 Qe7 14. Qa4 a6 15. Rc2 e5 16. dxe5 Nxe5 17. Nxe5 Qxe5 18. Qd4 Ng4 19. Qxe5 Nxe5 20. Nc7 Ra7 21. Be2 Bf5 22. Rc3 Rd8 23. Rd1 b5 24. Rxd5 Rxd5 25. Nxd5 g6 26. f4 Nc4 27. Bxc4 bxc4 28. Rxc4 Be6 29. Rc5 a5 30. Nc7 Bf5 31. Nb5 Rb7 32. Nd6 Rxb2 33. Nxf5 gxf5 34. Rxa5 Re2 35. Re5 f6 36. Kf1 Ra2 37. Rxf5 Rxa3 38. Rxf6 Rxe3 39. Kf2 Re4 40. Kf3 Re1 41. Ra6 Kg7 42. g4 Rf1+ 43. Kg3 h5 44. Ra7+ Kg6 45. f5+ Kh6 46. Ra6+ Kh7 47. h3 Rb1 48. Kh4 Rb7 49. Kxh5 Kg8 50. Ra8+ Kh7 51. g5 Kg7 52. h4 Kh7 53. f6 Rb5 54. Ra7+ Kh8 55. Kg6 Rb8 56. Rh7+ Kg8 57. f7+ Kf8 58. Rh8+ Ke7 59. Rxb8 1-0

[Event "Rio de Janeiro CXG"]
[Site "Rio de Janeiro"]
[Date "2007.09.13"]
[Round "9"]
[White "Chauca, Jose Luis Murga"]
[Black "Hernandez, Gustavo"]
[Result "1/2-1/2"]
[WhiteElo "2133"]
[BlackElo "2370"]
[PlyCount "36"]
[EventDate "2007.09.05"]
[EventType "tourn"]
[EventRounds "9"]
[EventCountry "BRA"]
[EventCategory "3"]
[SourceTitle "CBM 120 Extra"]
[Source "ChessBase"]
[SourceDate "2007.11.01"]
[SourceVersion "1"]
[SourceVersionDate "2007.11.01"]
[SourceQuality "1"]

1. e4 Nf6 2. e5 Nd5 3. d4 d6 4. c4 Nb6 5. exd6 exd6 6. Nc3 Be7 7. Nf3 Bg4 8. Be2 0-0 9. 0-0 Nc6 10. b3 Bf6 11. Be3 Re8 12. Qd2 d5 13. c5 Nc8 14. h3 Bh5 15. Rfd1 Bg6 16. Rac1 h6 17. g4 Be4 18. Ne1 Qd7 1/2-1/2

[Event "Rio de Janeiro CXG"]
[Site "Rio de Janeiro"]
[Date "2007.09.12"]
[Round "8"]
[White "Hernandez, Gustavo"]
[Black "Fernando, Diogo"]
[Result "1/2-1/2"]
[WhiteElo "2370"]
[BlackElo "2438"]
[PlyCount "28"]
[EventDate "2007.09.05"]
[EventType "tourn"]
[EventRounds "9"]
[EventCountry "BRA"]
[EventCategory "3"]
[SourceTitle "CBM 120 Extra"]
[Source "ChessBase"]
[SourceDate "2007.11.01"]
[SourceVersion "1"]
[SourceVersionDate "2007.11.01"]
[SourceQuality "1"]

1. c4 e5 2. Nc3 d6 3. d4 exd4 4. Qxd4 Nf6 5. e4 Nc6 6. Qd2 g6 7. Bd3 Bg7 8. Nge2 Ne5 9. 0-0 0-0 10. b3 Nxd3 11. Qxd3 Re8 12. f3 Nd7 13. Bb2 Nc5 14. Qd2 c6 1/2-1/2

[Event "Rio de Janeiro CXG"]
[Site "Rio de Janeiro"]
[Date "2007.09.05"]
[Round "1"]
[White "Kubrusly, Jose Cristovam"]
[Black "Hernandez, Gustavo"]
[Result "1/2-1/2"]
[WhiteElo "2247"]
[BlackElo "2370"]
[PlyCount "40"]
[EventDate "2007.09.05"]
[EventType "tourn"]
[EventRounds "9"]
[EventCountry "BRA"]
[EventCategory "3"]
[SourceTitle "CBM 120 Extra"]
[Source "ChessBase"]
[SourceDate "2007.11.01"]
[SourceVersion "1"]
[SourceVersionDate "2007.11.01"]
[SourceQuality "1"]

1. Nf3 Nf6 2. c4 e6 3. d4 Bb4+ 4. Bd2 Qe7 5. g3 0-0 6. Bg2 Bxd2+ 7. Qxd2 d6 8. Nc3 e5 9. e4 Bg4 10. d5 a5 11. 0-0 Na6 12. Ne1 Nc5 13. Nc2 c6 14. Ne3 Rfe8 15. f3 Bc8 16. Rfd1 Rd8 17. Rac1 g6 18. Rf1 Bd7 19. Rce1 Re8 20. Rd1 Rad8 1/2-1/2

[Event "Passos"]
[Site "Passos"]
[Date "2007.01.25"]
[Round "8"]
[White "Bittencourt, Jorge Humberto M"]
[Black "Hernandez, Gustavo"]
[Result "1/2-1/2"]
[WhiteElo "2428"]
[BlackElo "2344"]
[PlyCount "57"]
[EventDate "2007.01.21"]
[EventType "tourn"]
[EventRounds "9"]
[EventCountry "BRA"]
[EventCategory "3"]
[SourceTitle "CBM 116 Extra"]
[Source "ChessBase"]
[SourceDate "2007.03.07"]
[SourceVersion "1"]
[SourceVersionDate "2007.03.07"]
[SourceQuality "1"]

1. e4 e5 2. Nf3 Nf6 3. Nxe5 d6 4. Nf3 Nxe4 5. Nc3 Nxc3 6. dxc3 Be7 7. Bf4 Nd7 8. Qd2 Nc5 9. 0-0-0 0-0 10. Be3 Re8 11. Bc4 Be6 12. Bxe6 Nxe6 13. h4 Qd7 14. Qd3 Qa4 15. Ng5 Nf8 16. Qd5 Bxg5 17. hxg5 Qe4 18. c4 Re5 19. Rd4 Rxd5 20. Rxe4 Re5 21. Rxe5 dxe5 22. Rd1 f6 23. gxf6 gxf6 24. c5 Kf7 25. c6 bxc6 26. Rh1 a6 27. Rh4 Ke6 28. Bc5 Nd7 29. Be3 1/2-1/2

[Event "Passos"]
[Site "Passos"]
[Date "2007.01.22"]
[Round "3"]
[White "Gazel Pereira, Frederico"]
[Black "Hernandez, Gustavo"]
[Result "1/2-1/2"]
[WhiteElo "2190"]
[BlackElo "2344"]
[PlyCount "95"]
[EventDate "2007.01.21"]
[EventType "tourn"]
[EventRounds "9"]
[EventCountry "BRA"]
[EventCategory "3"]
[SourceTitle "CBM 116 Extra"]
[Source "ChessBase"]
[SourceDate "2007.03.07"]
[SourceVersion "1"]
[SourceVersionDate "2007.03.07"]
[SourceQuality "1"]

1. f4 Nf6 2. Nf3 g6 3. d3 d5 4. e3 Bg7 5. Be2 0-0 6. 0-0 c5 7. Qe1 Nc6 8. Nc3 Bf5 9. Bd1 d4 10. Na4 dxe3 11. Bxe3 b6 12. Nc3 Nd5 13. Bd2 Re8 14. Nh4 Nd4 15. Nxd5 Qxd5 16. c3 Nc6 17. Nxf5 Qxf5 18. Qe4 Rac8 19. Ba4 Qxe4 20. dxe4 Red8 21. Be3 a6 22. Rad1 Na5 23. Rxd8+ Rxd8 24. Rd1 Rxd1+ 25. Bxd1 Nc4 26. Bc1 b5 27. Be2 Nb6 28. Kf2 e6 29. Ke1 Kf8 30. Kd1 Ke7 31. Be3 Kd6 32. Kc2 Bf8 33. Bf3 Kc7 34. b3 Be7 35. g4 Nd7 36. g5 Bf8 37. h4 h5 38. Bg2 Kd6 39. Bf1 Kc6 40. Bd3 Bd6 41. Kd2 Bc7 42. Ke2 Ba5 43. Bd2 Bc7 44. Kf3 Bd6 45. Be1 Bc7 46. Bc2 Bd6 47. Bg3 Bc7 48. Ke2 1/2-1/2

[Event "Guarapari 2nd"]
[Site "Guarapari"]
[Date "2006.09.05"]
[Round "9"]
[White "Hernandez, Gustavo"]
[Black "Rodi, Luis Ernesto"]
[Result "1/2-1/2"]
[WhiteElo "2329"]
[BlackElo "2236"]
[PlyCount "114"]
[EventDate "2006.08.28"]
[EventType "swiss"]
[EventRounds "9"]
[EventCountry "BRA"]
[EventCategory "2"]
[SourceTitle "EXT 2007"]
[Source "ChessBase"]
[SourceDate "2006.11.23"]
[SourceVersion "1"]
[SourceVersionDate "2006.11.23"]
[SourceQuality "1"]

1. Nf3 Nc6 2. d4 d5 3. Bf4 Bg4 4. e3 e6 5. h3 Bh5 6. c4 Nf6 7. Nc3 Bb4 8. Rc1 dxc4 9. Bxc4 Nd5 10. Bh2 0-0 11. 0-0 Nb6 12. Be2 Bd6 13. Ne4 Bxh2+ 14. Kxh2 Ne7 15. Ne5 Bxe2 16. Qxe2 c6 17. Nc5 Qc7 18. Kg1 Ng6 19. f4 Qe7 20. a3 f6 21. Nxg6 hxg6 22. Qg4 Kf7 23. Rf3 Rh8 24. Rg3 Rh6 25. Qe2 Rd8 26. b4 Nc8 27. Qa2 Nd6 28. Rf3 Nf5 29. Qb3 Nd6 30. a4 Rh5 31. Rd1 b6 32. Nd3 Ne4 33. Qc2 Nd6 34. Rc1 Rc8 35. Qb3 Rhh8 36. Rf2 Ne4 37. Rfc2 Qd7 38. Nf2 Nd6 39. e4 b5 40. d5 cxd5 41. exd5 Rxc2 42. Rxc2 Re8 43. axb5 Nxb5 44. Rc5 a6 45. Ne4 Kg8 46. Nc3 Nxc3 47. Qxc3 exd5 48. Qd3 d4 49. Qc4+ Kh7 50. Rd5 Rc8 51. Qxd4 Qe6 52. Rc5 Re8 53. Qd3 Qe1+ 54. Kh2 Re4 55. b5 f5 56. Qg3 axb5 57. Rxb5 Qxg3+ 1/2-1/2

[Event "Guarapari 2nd"]
[Site "Guarapari"]
[Date "2006.09.02"]
[Round "6"]
[White "Hernandez, Gustavo"]
[Black "Rocha, Joao Batista Jose"]
[Result "1-0"]
[WhiteElo "2329"]
[BlackElo "2014"]
[PlyCount "71"]
[EventDate "2006.08.28"]
[EventType "swiss"]
[EventRounds "9"]
[EventCountry "BRA"]
[EventCategory "2"]
[SourceTitle "EXT 2007"]
[Source "ChessBase"]
[SourceDate "2006.11.23"]
[SourceVersion "1"]
[SourceVersionDate "2006.11.23"]
[SourceQuality "1"]

1. Nf3 c5 2. c4 Nc6 3. d4 cxd4 4. Nxd4 g6 5. e4 Nf6 6. Nc3 d6 7. Nc2 Bg7 8. Be2 0-0 9. 0-0 Bd7 10. Be3 Rc8 11. Rc1 a6 12. f4 Qa5 13. a3 Rfe8 14. Kh1 Qc7 15. b4 e6 16. Na1 Qb8 17. Nb3 Ne7 18. e5 Nf5 19. Qd3 Nh5 20. Bb6 Bh6 21. Bxh5 gxh5 22. Ne4 Bc6 23. Nxd6 Nh4 24. Qg3+ Ng6 25. Nd4 Bg7 26. Rcd1 Rf8 27. Nxc8 Qxc8 28. Bc5 Rd8 29. Nxc6 bxc6 30. Rxd8+ Qxd8 31. Qf3 h6 32. Rd1 Qh4 33. Qg3 Qxf4 34. Qxf4 Nxf4 35. Rd8+ Kh7 36. Ra8 1-0

[Event "Guarapari 2nd"]
[Site "Guarapari"]
[Date "2006.08.30"]
[Round "3"]
[White "Bittencourt, Jorge Humberto M"]
[Black "Hernandez, Gustavo"]
[Result "1/2-1/2"]
[WhiteElo "2419"]
[BlackElo "2329"]
[PlyCount "33"]
[EventDate "2006.08.28"]
[EventType "swiss"]
[EventRounds "9"]
[EventCountry "BRA"]
[EventCategory "2"]
[SourceTitle "EXT 2007"]
[Source "ChessBase"]
[SourceDate "2006.11.23"]
[SourceVersion "1"]
[SourceVersionDate "2006.11.23"]
[SourceQuality "1"]

1. e4 e5 2. Nf3 Nf6 3. Nxe5 d6 4. Nf3 Nxe4 5. Nc3 Nxc3 6. dxc3 Be7 7. Bf4 Nc6 8. Qd2 Be6 9. 0-0-0 Qd7 10. Ng5 Bxg5 11. Bxg5 f6 12. Be3 0-0-0 13. Bb5 a6 14. Ba4 Bc4 15. Rhe1 Rhe8 16. f3 Re5 17. Bxc6 1/2-1/2

[Event "Olympiad-37"]
[Site "Turin"]
[Date "2006.06.03"]
[Round "12"]
[White "Hernandez, Gustavo"]
[Black "Bellini, Fabio"]
[Result "1/2-1/2"]
[WhiteElo "2322"]
[BlackElo "2499"]
[PlyCount "41"]
[EventDate "2006.05.21"]
[EventType "team-swiss"]
[EventRounds "13"]
[EventCountry "ITA"]
[SourceTitle "CBM 113"]
[Source "ChessBase"]
[SourceDate "2006.07.31"]
[SourceVersion "1"]
[SourceVersionDate "2006.07.31"]
[SourceQuality "1"]
[WhiteTeam "Dominican Rep"]
[BlackTeam "Italy"]
[WhiteTeamCountry "DOM"]
[BlackTeamCountry "ITA"]

1. Nf3 d5 2. c4 c6 3. cxd5 cxd5 4. d4 Nf6 5. Nc3 Nc6 6. Bf4 Ne4 7. Nd2 Nxc3 8. bxc3 g6 9. e3 Bg7 10. Be2 0-0 11. 0-0 e5 12. Bg3 h5 13. h3 Re8 14. Bb5 Bd7 15. Qb3 a6 16. Bxc6 Bxc6 17. Bxe5 Bxe5 18. dxe5 Rxe5 19. Nf3 Re7 20. Nd4 Rc8 21. Rfd1 1/2-1/2

[Event "Olympiad-37"]
[Site "Turin"]
[Date "2006.05.25"]
[Round "5"]
[White "Qendro, Llambi"]
[Black "Hernandez, Gustavo"]
[Result "1-0"]
[WhiteElo "2395"]
[BlackElo "2322"]
[PlyCount "69"]
[EventDate "2006.05.21"]
[EventType "team-swiss"]
[EventRounds "13"]
[EventCountry "ITA"]
[SourceTitle "CBM 113"]
[Source "ChessBase"]
[SourceDate "2006.07.31"]
[SourceVersion "1"]
[SourceVersionDate "2006.07.31"]
[SourceQuality "1"]
[WhiteTeam "Albania"]
[BlackTeam "Dominican Rep"]
[WhiteTeamCountry "ALB"]
[BlackTeamCountry "DOM"]

1. d4 d5 2. c4 dxc4 3. Nf3 Nf6 4. e3 e6 5. Bxc4 c5 6. 0-0 a6 7. a4 Nc6 8. Qe2 Qc7 9. Rd1 Bd6 10. dxc5 Bxc5 11. b3 0-0 12. Bb2 e5 13. Nc3 e4 14. Ng5 Bf5 15. Nd5 Nxd5 16. Rxd5 Ne7 17. Rxf5 Nxf5 18. Qg4 g6 19. Nxe4 Be7 20. Rc1 Qa5 21. Bc3 Qb6 22. a5 Qc6 23. Qf4 h5 24. Ng3 Nh4 25. e4 Qd6 26. Be5 Qc6 27. Qh6 Bf6 28. Bxf7+ Rxf7 29. Rxc6 Bxe5 30. Rxg6+ Nxg6 31. Qxg6+ Bg7 32. Nf5 Kf8 33. Qd6+ Kg8 34. Qd5 Rc8 35. Ne7+ 1-0

[Event "Capablanca Memorial Masters I"]
[Site "Havana"]
[Date "1998.??.??"]
[Round "7"]
[White "Hernandez, Gustavo"]
[Black "Cabrera Pino, Alexis"]
[Result "0-1"]
[WhiteElo "2335"]
[BlackElo "2415"]
[PlyCount "76"]
[EventDate "1998.05.??"]
[EventType "tourn"]
[EventRounds "13"]
[EventCountry "CUB"]
[EventCategory "5"]
[SourceTitle "EXT 1999"]
[Source "ChessBase"]
[SourceDate "1998.11.16"]
[SourceVersion "1"]
[SourceVersionDate "1998.11.16"]
[SourceQuality "1"]

1. Nf3 Nf6 2. g3 g6 3. Bg2 Bg7 4. 0-0 0-0 5. d4 d6 6. Nc3 c5 7. dxc5 dxc5 8. Qxd8 Rxd8 9. Be3 Na6 10. Rfd1 Re8 11. Ne5 Rb8 12. Rd2 Ng4 13. Nd7 Bxd7 14. Rxd7 Nxe3 15. fxe3 Nb4 16. Nd5 Rbd8 17. Rxd8 Rxd8 18. Rd1 Kf8 19. c3 Nc6 20. Rb1 Ne5 21. h3 b6 22. Kf2 Nc4 23. b4 e6 24. Nc7 Bh6 25. bxc5 Bxe3+ 26. Ke1 Bxc5 27. Na6 Na3 28. Rb2 Nc4 29. Rb1 Be3 30. Rb4 Na3 31. Be4 Rd2 32. Kf1 Rxa2 33. Bd3 f5 34. Ra4 e5 35. Bc4 Ra1+ 36. Kg2 Rg1+ 37. Kh2 Nxc4 38. Rxc4 Re1 0-1

[Event "Capablanca Memorial Masters I"]
[Site "Havana"]
[Date "1998.??.??"]
[Round "3"]
[White "Lipnowski, Irwin"]
[Black "Hernandez, Gustavo"]
[Result "1-0"]
[WhiteElo "2335"]
[BlackElo "2335"]
[PlyCount "111"]
[EventDate "1998.05.??"]
[EventType "tourn"]
[EventRounds "13"]
[EventCountry "CUB"]
[EventCategory "5"]
[SourceTitle "EXT 1999"]
[Source "ChessBase"]
[SourceDate "1998.11.16"]
[SourceVersion "1"]
[SourceVersionDate "1998.11.16"]
[SourceQuality "1"]

1. e4 e5 2. Nf3 d6 3. d4 Nd7 4. Bc4 c6 5. dxe5 dxe5 6. Ng5 Nh6 7. 0-0 Bc5 8. Qh5 Qe7 9. Ne6 Rg8 10. Nc7+ Kd8 11. Nxa8 b5 12. Bb3 Nf6 13. Qh4 Nhg4 14. h3 g5 15. Qg3 Nxf2 16. Rxf2 Nxe4 17. Qd3+ Qd6 18. Qxd6+ Nxd6 19. Kf1 Bxf2 20. Kxf2 Bb7 21. Nc3 Bxa8 22. Be3 Rg6 23. g4 Kc7 24. Ke2 f5 25. gxf5 Nxf5 26. Ne4 Nd4+ 27. Kd3 Rh6 28. Nxg5 Rd6 29. Bxd4 exd4 30. Ne4 Rh6 31. Kxd4 Rh4 32. Ke5 Rxh3 33. Rg1 Kb6 34. Rg8 Bb7 35. Nd6 Ba6 36. Rb8+ Kc7 37. Ra8 Rh5+ 38. Nf5 Bb7 39. Rf8 Rh2 40. Ne3 a5 41. Rf7+ Kb6 42. Be6 h5 43. Rf3 Re2 44. Bf5 Re1 45. Kd6 a4 46. c4 Rc1 47. Rf1 Rxf1 48. c5+ Ka5 49. Nxf1 Kb4 50. Be6 a3 51. bxa3+ Kxa3 52. Kc7 Ba8 53. Ng3 h4 54. Ne4 h3 55. Bxh3 Kxa2 56. Kb8 1-0

[Event "New York op"]
[Site "Newark"]
[Date "1995.??.??"]
[Round "4"]
[White "Garcia, Gildardo"]
[Black "Hernandez, Gustavo"]
[Result "1-0"]
[WhiteElo "2520"]
[BlackElo "2340"]
[PlyCount "49"]
[EventDate "1995.04.12"]
[EventType "swiss"]
[EventRounds "9"]
[EventCountry "USA"]
[SourceTitle "CBM 047 Extra"]
[Source "ChessBase"]
[SourceDate "1995.09.01"]
[SourceVersion "1"]
[SourceVersionDate "1995.09.01"]
[SourceQuality "1"]

1. e4 e5 2. Nf3 Nf6 3. Nxe5 d6 4. Nf3 Nxe4 5. d4 d5 6. Bd3 Be7 7. 0-0 Nc6 8. c4 Nb4 9. cxd5 Nxd3 10. Qxd3 Qxd5 11. Re1 Bf5 12. Nc3 Nxc3 13. Qxc3 Be6 14. Re5 Qd7 15. Bg5 Bxg5 16. Nxg5 0-0-0 17. Nxe6 fxe6 18. Rd1 Rhf8 19. Qh3 Rf4 20. d5 Rdf8 21. Rde1 Rxf2 22. dxe6 Qe7 23. Qe3 Qf6 24. Qd3 Rxb2 25. Rf5 1-0

[Event "New York op"]
[Site "Newark"]
[Date "1995.??.??"]
[Round "?"]
[White "Hernandez, Gustavo"]
[Black "Salomon, Miguel A"]
[Result "1-0"]
[WhiteElo "2340"]
[BlackElo "2280"]
[PlyCount "101"]
[EventDate "1995.04.12"]
[EventType "swiss"]
[EventRounds "9"]
[EventCountry "USA"]
[SourceTitle "EXT 2002"]
[Source "ChessBase"]
[SourceDate "2001.11.25"]
[SourceVersion "1"]
[SourceVersionDate "2001.11.25"]
[SourceQuality "1"]

1. Nf3 Nf6 2. c4 g6 3. g3 Bg7 4. Bg2 0-0 5. 0-0 c6 6. d3 d5 7. Qc2 dxc4 8. Qxc4 Qa5 9. Nc3 Qh5 10. Be3 Nbd7 11. Qb4 Re8 12. Rac1 Ng4 13. Bf4 Nde5 14. h4 Nxf3+ 15. Bxf3 Qf5 16. Ne4 Ne5 17. Bg2 Nd7 18. d4 Nb6 19. Nc3 e5 20. e4 Qh5 21. dxe5 Bxe5 22. Be3 Be6 23. b3 Rad8 24. Qa5 Bd4 25. Qxh5 gxh5 26. Bf4 Rd7 27. Ne2 Bf6 28. Be3 Red8 29. Rfe1 Bb2 30. Rb1 Bh8 31. Nf4 Bg4 32. f3 Be6 33. Kf2 Bc3 34. Re2 Rd1 35. Rxd1 Rxd1 36. Nxh5 Nd7 37. Rc2 Bb4 38. Nf4 Ne5 39. Bxa7 Rb1 40. Bd4 Be1+ 41. Ke2 Ng6 42. Bf2 Nxf4+ 43. gxf4 Bb4 44. f5 Bc8 45. Bb6 Kg7 46. f4 Kh6 47. Bf3 Bd7 48. Bd4 c5 49. Bxc5 Bb5+ 50. Ke3 Be1 51. Bf8# 1-0

[Event "New York op"]
[Site "Newark"]
[Date "1995.??.??"]
[Round "?"]
[White "Tkachiev, Vladislav"]
[Black "Hernandez, Gustavo"]
[Result "1/2-1/2"]
[WhiteElo "2575"]
[BlackElo "2340"]
[PlyCount "47"]
[EventDate "1995.04.12"]
[EventType "swiss"]
[EventRounds "9"]
[EventCountry "USA"]
[SourceTitle "EXT 2002"]
[Source "ChessBase"]
[SourceDate "2001.11.25"]
[SourceVersion "1"]
[SourceVersionDate "2001.11.25"]
[SourceQuality "1"]

1. e4 e5 2. Nf3 Nf6 3. Nxe5 d6 4. Nf3 Nxe4 5. d3 Nf6 6. d4 d5 7. Bd3 Bd6 8. 0-0 0-0 9. Bg5 Bg4 10. Nbd2 h6 11. Bh4 Bf4 12. c3 Nbd7 13. Qc2 c6 14. Rae1 Qc7 15. Re7 Qd6 16. Rfe1 Rfe8 17. Rxe8+ Rxe8 18. Rxe8+ Nxe8 19. Bf5 Bxf5 20. Qxf5 g6 21. Qd3 Ng7 22. Nb3 Qe6 23. Kf1 Nf5 24. Bg3 1/2-1/2

[Event "New York op"]
[Site "New York"]
[Date "1992.??.??"]
[Round "?"]
[White "Colias, Billy"]
[Black "Hernandez, Gustavo"]
[Result "0-1"]
[WhiteElo "2265"]
[BlackElo "2345"]
[PlyCount "84"]
[EventDate "1992.04.??"]
[EventType "swiss"]
[EventRounds "9"]
[EventCountry "USA"]
[SourceTitle "EXT 2002"]
[Source "ChessBase"]
[SourceDate "2001.11.25"]
[SourceVersion "1"]
[SourceVersionDate "2001.11.25"]
[SourceQuality "1"]

1. d4 Nf6 2. c4 g6 3. Nc3 d5 4. cxd5 Nxd5 5. e4 Nxc3 6. bxc3 Bg7 7. Nf3 0-0 8. Ba3 Nd7 9. Bc4 c5 10. 0-0 Qa5 11. Qb3 Qb6 12. Bb5 cxd4 13. cxd4 a6 14. Bc4 Qxb3 15. Bxb3 Re8 16. Rac1 b5 17. Bd5 Rb8 18. Bb4 Bb7 19. Bb3 e6 20. Rc7 Nf6 21. Ne5 Bxe4 22. Nxf7 Nd5 23. Bxd5 Bxd5 24. Rfc1 Bxa2 25. Nd6 Red8 26. d5 Bxd5 27. Rxg7+ Kxg7 28. Rc7+ Kg8 29. Nf7 e5 30. Nh6+ Kh8 31. Bc3 Re8 32. f4 b4 33. Bb2 Rb7 34. Rc5 Kg7 35. Ng4 Be6 36. Bxe5+ Kf7 37. Nf6 Rc8 38. Ra5 b3 39. Ne4 Rc1+ 40. Kf2 b2 41. Rxa6 b1Q 42. Ng5+ Ke8 0-1